000 00712nam a2200217 4500
003 OSt
005 20260423011512.0
006 a
008 240725b |||||||| |||| 00| 0 eng d
020 _a0763748358
040 _aDWCL-Main lib.
_cOC
082 _2Third edition
_aCirc. 617.0231 S769e 2005
100 _aSpry, Cynthia
245 _aEssentials of perioperative nursing /Third edition
250 _aThird edition
260 _aSudbury, Mass. :
_bJones and Bartlett Pub.,
_cc2005.
300 _axi,
_b348 p. : ill. ;
_c29 cm.
504 _aIncludes bibliographical references & index.
650 _a1. Operating room nursing-Programmed instruction.
942 _2ddc
_n0
_cBK-CIRC
_eThird edition
_kCirc.
999 _c2741
_d2741